| 000 | 00388nam a22001457a 4500 | ||
|---|---|---|---|
| 003 | OSt | ||
| 005 | 20160727222406.0 | ||
| 008 | 160623b xxu||||| |||| 00| 0 eng d | ||
| 040 | _cTEST | ||
| 100 |
_9843 _a Puchkovskaya, N.A |
||
| 245 | _aThe Pathogenesis and Treatment of Eye Burns | ||
| 260 |
_aMoscow _bMir Pub |
||
| 300 | _aThe Pathogenesis and Treatment of Eye Burns | ||
| 942 |
_2ddc _cBK |
||
| 999 |
_c669 _d669 |
||